| 000 | 00698nam a2200169 a 4500 | ||
|---|---|---|---|
| 008 | 080407s1998 ||||||||||||||||| || u | ||
| 050 | _aIBRD(08)DP | ||
| 100 | _aBredie, Joseph W. B | ||
| 245 | 1 | 0 | _aSchool enrollment decline in Sub-Saharan Africa: beyond the supply constraint |
| 260 |
_aWashington, D. C. _bWorld Bank _c1998 |
||
| 350 | _a0.00 | ||
| 490 | _aWorld Bank Discussion Papers | ||
| 650 | _aEDUCATION, ELEMENTARY--AFRICA, SUB-SAHARAN | ||
| 650 | _aSCHOOL ENROLLMENT--AFRICA, SUB-SAHARAN | ||
| 700 | _aBeeharry, Girindre K | ||
| 995 |
_D0.00 _FCBU-MAIN LIBRARY (Kitwe) _H1 _I0.00 _M1 _UAVAILABLE _WApr 7, 2008 _ZInternational Publications |
||
| 999 |
_c57054 _d57054 |
||